Songs from the stations : Wajarra as sung by Ronnie Wavehill Wirrpnga, Topsy Dodd Ngarnjal and Dandy Danbayarri at Kalkaringi /

Bibliographic Details
Main Authors: Turpin, Myfany, 1972- (Author), Meakins, Felicity (Author)
Other Authors: Croft, Brenda L., 1964- (Photographer)
Format: eBook
Language:English
Published: University of Sydney, NSW : Sydney University Press, 2019.
Subjects:
Online Access:Connect to the full text of this electronic book

MARC

Tag First Indicator Second Indicator Subfields
LEADER 00000cam a22000001i 4500
001 in00004435813
005 20210422122326.0
006 m |o d |
007 cr |n|||||||||
008 191001t20192019xnaabcfgob 001 0 eng d
020 |a 9781743325858 (electronic bk.) 
020 |a 1743325851 (electronic bk.) 
020 |z 9781743325841 
020 |z 1743325843 
035 |a 6454864 
040 |a NhCcYBP  |c NhCcYBP  |d UtOrBLW 
043 |a u-at-no 
050 4 |a ML3770  |b .T87 2019 
082 0 4 |a 781.62/9915  |2 23 
100 1 |a Turpin, Myfany,  |d 1972-  |e author.  |0 http://id.loc.gov/authorities/names/nr2001034903 
245 1 0 |a Songs from the stations :  |b Wajarra as sung by Ronnie Wavehill Wirrpnga, Topsy Dodd Ngarnjal and Dandy Danbayarri at Kalkaringi /  |c Myfany Turpin, Felicity Meakins, with photographs by Brenda L. Croft. 
264 1 |a University of Sydney, NSW :  |b Sydney University Press,  |c 2019. 
264 4 |c ©2019 
300 |a 1 online resource. 
336 |a text  |b txt  |2 rdacontent 
337 |a computer  |b c  |2 rdamedia 
338 |a online resource  |b cr  |2 rdacarrier 
500 |a Description based on print version record. 
500 |a "The corroborees [in this book] - Kamul, Mintiwarra, Laka, Juntara - are for everyone to sing and dance. We all perform them, men and women alike. Wajarra is open to all... - Ronnie Wavehill, 2017"--Page [vi] 
504 |a Includes bibliographical references (pages 201-212) and index. 
505 0 |a List of figures -- List of musical examples -- List of tables -- List of maps -- List of plates -- Preface -- Acknowledgements -- Contributors -- A note on orthography -- Abbreviations, terms and conventions -- Introduction: Social, linguistic and geographic origins of the songs -- Performing wajarra -- The wajarra song sets -- Mintiwarra -- Kamul -- Freedom Day -- Laka -- Juntara -- Conclusion -- Appendix 1: The recordings -- Appendix: Song items. 
588 |a Description based on print version record. 
500 |a Electronic resource. 
650 0 |a Gurindji (Australian people)  |x Songs and music. 
650 0 |a Gurindji (Australian people)  |x Social life and customs. 
650 0 |a Gurindji (Australian people)  |z Australia  |z Wave Hill Station (N.T.) 
650 0 |a Music, Aboriginal Australian. 
650 0 |a Wajarri (Australian people) 
600 1 0 |a Ngarnjul, Topsy Dodd. 
600 1 0 |a Wavehill, Ronnie. 
600 1 0 |a Danbayarri, Dandy. 
650 0 |a Corroborees  |z Australia  |z Northern Territory. 
651 0 |a Wave Hill Station (N.T.) 
651 0 |a Kalkaringi (N.T.) 
655 7 |a Electronic books.  |2 local 
700 1 |a Meakins, Felicity,  |e author.  |0 http://id.loc.gov/authorities/names/n2011041439 
700 1 |a Croft, Brenda L.,  |d 1964-  |e photographer.  |0 http://id.loc.gov/authorities/names/nr99000522 
776 1 8 |c Original  |z 9781743325841  |z 1743325843 
856 4 0 |u http://proxy.library.tamu.edu/login?url=https://www.jstor.org/stable/10.2307/j.ctvd1c7xg  |z Connect to the full text of this electronic book  |t 0 
955 |a JSTOR DDA record 
999 f f |s c5bc5bb6-5d59-337d-ab9a-e7316d447b3a  |i 2610f187-930e-3c05-a6aa-f405bf433115  |t 0 
952 f f |a Texas A&M University  |b College Station  |c Electronic Resources  |d Available Online  |t 0  |e ML3770 .T87 2019  |h Library of Congress classification 
998 f f |a ML3770 .T87 2019  |t 0  |l Available Online